000 00656nam a22002055i 4500
001 177568
003 ES-MaACL
005 20240120062955.0
008 110404s1982 sp af |||| | spa d
020 _a84-300-8084-8
080 _a821.134.2-14"19"
100 1 _aRuiz de Torres, Juan,
_d1931-2014
_9155342
245 1 0 _aCrisantemos /
_cJuan Ruiz de Torres.
260 _aMadrid :
_bTaller Prometeo de Poesía Nueva,
_c1982.
300 _a[2] p. , [26], [9] h. de lám. bl. y n. ;
_c21 cm.
490 1 _aEdiciones de Autor ;
_v2
830 0 _aEdiciones de Autor ;
_v2
_9224196
852 _aES-MaACL
_jE-14778
999 _c177568
_d177568